The walking dead comics personnage - Statistiques

Statistiques générales
  • Ce quiz a été pris 16 fois
    5 depuis la dernière actualisation
  • Le résultat moyen est 48 sur 113
Statistiques - réponses
Par images Réponse % Correct
Aaron
100%
Abraham
100%
Alpha
100%
Amy
100%
Andrea
100%
Beta
100%
Carl Grimes
100%
Carol
100%
Dale
100%
Denise
100%
Dwight
100%
Eric
100%
Eugene
100%
Ezekiel
100%
Gabriel
100%
Glenn Rhee
100%
Gregory
100%
Heath
100%
Hershel green
100%
Holly
100%
Jesus
100%
Jim
100%
Le Gouverneur
100%
Lori Grimes
100%
Lydia
100%
Maggie green
100%
Michonne
100%
Morgan Jones
100%
Negan
100%
Princesse
100%
Rick Grimes
100%
Ron
100%
Rosita
100%
Shane Walsh
100%
Sophia
100%
Tyreese
100%
Alice
50%
Axel
50%
Connie
50%
Douglas Monroe
50%
Duane Jones
50%
Jessy
50%
Julie
50%
Kelly
50%
Luke
50%
Magna
50%
Mikey
50%
Nicholas
50%
Olivia
50%
Otis
50%
Patricia
50%
Penny
50%
Sherry
50%
Shiva
50%
Spencer Monroe
50%
Stephanie
50%
Susie
50%
Tara
50%
Yumiko
50%
Alex
0%
Allen
0%
Andrew
0%
Anna
0%
Annie
0%
Arnold
0%
Ben
0%
Billy
0%
Billy
0%
Brandon
0%
Briana
0%
Bruce
0%
Chris
0%
Chris
0%
Dante
0%
David
0%
Dexter
0%
Donna
0%
Earl
0%
Eduardo
0%
Emett Carson
0%
Georges
0%
Harlan Carson
0%
Hershel Rhee
0%
John
0%
Josh
0%
Kal
0%
Kayla
0%
Ken
0%
Lacey
0%
Lance
0%
Laura
0%
Marco
0%
Martinez
0%
Maxwell Hawkins
0%
Michael Mercer
0%
Morton
0%
Pamela Milton
0%
Paula
0%
Pete
0%
Pete
0%
Rachel
0%
Regina Monroe
0%
Richards
0%
Scott
0%
Sebastian Milton
0%
Siddiq
0%
Stevens
0%
Tammy Rose
0%
Thomas
0%
Tobin
0%
Vincents
0%
William
0%
Zachary
0%
Aucun quiz correspondant
Distribution des résultats
% des personnes avec chaque résultat
Percentile par nombre de réponses
Votre historique - résultats
Vous n’avez pas pris ce quiz depuis la dernière actualisation